| 000 | 00739nam a2200193 4500 | ||
|---|---|---|---|
| 001 | 147943 | ||
| 003 | ES-MaACL | ||
| 005 | 20230906202339.0 | ||
| 007 | t| | ||
| 008 | 070214s1968 sp r ||||1| spa d | ||
| 100 | 1 |
_aSpillard, Peter. _9107729 |
|
| 245 | 1 | 3 |
_aLa venta a presión _b: la promoción de ventas como parte de la estrategia del marketing / _cPeter Spillard ; traducción de Antonio Casahuga Vinardell ; revisión prólogo y notas de Francisco Izquierdo Navarro. |
| 250 | _a1ª. ed. | ||
| 260 |
_aBarcelona : _bOikos-Tau, _c1968. |
||
| 300 |
_a326 p., 2 lám. : _bil. ; _c22 cm. |
||
| 700 | 1 |
_aCasahuga Vinardell, Antonio. _936034 |
|
| 700 | 1 |
_aIzquierdo Navarro, Francisco. _965739 |
|
| 852 |
_aES-MaACL _jC-37121 _bR.68825 |
||
| 999 |
_c147943 _d147943 |
||